Modalidades de gestión alternativas en materia de vivienda / (Registro nro. 12413)

Detalles MARC
000 -LEADER
longitud fija campo de control 03017Cam#a22003015a#4500
003 - IDENTIFICADOR DE NUMERO DE CONTROL
control del campo AR-RoUNA
005 - FECHA DE LA ULTIMA MODIFICACION
control del campo 20260515102301.0
008 - CAMPO DE CONTROL - LIBROS
longitud fija campo de control 140529s2014||||ag|||||f a||1 0|spa d
040 ## - ORIGEN DE LA CATALOGACION
Agencia que cataloga la obra original AR-RoUNA
Idioma en que se cataloga spa
Entidad que modifico el registro AR-RoUNA
041 ## - CODIGO DE IDIOMA
Codigo de idioma del texto / sonido o titulo separado spa
044 ## - CODIGO DE PAIS / ENTIDAD PRODUCTORA
Codigo MARC del pais ag
100 1# - ASIENTO PRINCIPAL - NOMBRE PERSONAL
Nombre personal Raggio, Graciela
9 (RLIN) 25907
110 ## - ASIENTO PRINCIPAL - AUTOR INSTITUCIONAL
Nombre corporativo o de jurisdiccion como elemento de entrada Municipalidad de Rosario.
Unidad subordinada Secretaría de Planeamiento
9 (RLIN) 3167
245 1# - TITULO PROPIAMENTE DICHO
Titulo Modalidades de gestión alternativas en materia de vivienda /
Mencion de responsabilidad, etc Graciela Raggio
260 ## - EDITORIAL - PUBLICACION, DISTRIBUCION, ETC. (Pie de imprenta)
Lugar de publicacion, distribucion, etc Rosario :
Nombre del editor, distribuidor, etc CURDIUR; Centro Universitario Rosario de Investigaciones Urbanas y Regionales
Fecha de publicacion 1991
300 ## - DESCRIPCION FISICA
Extension 13 p ;
Dimensiones 29x21 cm.
490 ## - MENCION DE SERIE
Titulo de la serie Cuadernos del CURDIUR
500 ## - NOTA GENERAL
Nota general La financiación del presente trabajo procede de la Municipalidad de Rosario, Secretaría de Planeamiento y del Concejo Nacional de Investigaciones Científicas y Técnicas. La misma ha sido realizada en la sede del Centro Universitario Rosario de Investigaciones Urbanas y Regionales (CURDIUR) de la Facultad de Arquitectura, Planeamiento y Diseño, desde junio de 1986 hasta diciembre de 1987.
505 0# - NOTA DE CONTENIDO CON FORMATO
Título principal No es frecuente que un organismo de planeamiento vinculado a la esfera pública, al iniciar una tarea de revisión de sus instrumentos normativos -tal como se ha propuesto realizar la Secretaría de Planeamiento de la Municipalidad de Rosario a través de la Dirección General del Plan Director-, reconozca la necesidad de ir desarrollando paralelamente una tarea de profundización de cuestiones teóricas y metodológicas que realimenten el accionar. Mucho menos frecuente aún es que, para realizar esta tarea, no solo se recurra un trabajo conjunto con los organismos de investigación de la universidad, sino que además se requiera de éstos el desarrollo -con sus tiempos y con sus métodos-, de una tarea suplementaria de investigación que exceda el marco de los réditos meramente operativos y se aboque a reflexiones más profundas -de verdadero rédito académico- tendientes a cimentar sobre bases más estables ciertos aspectos del accionar sobre la ciudad. El trabajo que a continuación se presenta, si bien se afronta un aspecto parcial -pero no por ello menos protagónico- del accionar urbanístico, representa a nuestro criterio el primer trabajo sistemático de análisis urbano que se realiza en nuestro medio con fines tanto cognoscitivos como operativos, apelando a la puesta a punto de un bagaje metodológico riguroso, y surge de la confluencia entre interés de trabajos ya en curso en el Centro Universitario Rosario de Investigaciones urbanas y regionales y las demandas de la municipalidad.
610 24 - MATERIA - NOMBRE CORPORATIVO
Nombre corporativo o de jurisdiccion como entrada Universidad Nacional de Rosario. Facultad de Arquitectura, Planeamiento y Diseño.
Unidad subordinada CURDIUR (Centro Universitario Rosario de Investigaciones Urbanas y Regionales).
9 (RLIN) 2924
650 ## - MATERIA - TERMINO TEMATICO
Término temático general Urbanismo
Subdivisión geográfica Rosario (Santa Fe, Argentina)
650 ## - MATERIA - TERMINO TEMATICO
Término temático general Viviendas
908 ## - SOPORTE
Soporte Imp
930 ## - ACCESION
Numero de accesion (NR) 12329
942 ## - FUENTE DE CLASIFICACION
Tipo de item Libro
Clasificacion Universal Decimal Classification
945 ## - INFORMACION DE PROCESAMIENTO
Fecha de ingreso o modificacion 2026-05-15
Codigo del operador MIA
980 ## - DECLARACIÓN DE EQUIVALENCIA O SERIE DE REFERENCIA CRUZADA - NOMBRE / TÍTULO PERSONAL [LOCAL, CANADÁ]
Código del operador 1
Nombre del operador Maricel Allasia
Código del operador que modifico el registro 1
Nombre del operador que modifico el registro Maricel Allasia
Existencias
Estado retiro Estado perdido Sistema de clasificacion Estado general Restricciones de uso Biblioteca de origen Ubicacion actual Localizacion en estante Fecha de adquisicion Fuente de adquisicion Prestamos totales Signatura y librística Proveedor Numero de ejemplar Tipo de elemento KOHA Nota no publica
Disponible Disponible cdu No dañado Ningun uso de restricciones Arq. Hilarión H. Larguia Arq. Hilarión H. Larguia Mostrador 15/05/2026 Don   711(821.6.17) R142 18494 ej. 1 Libro